Normal view
MARC view
- SteinBeck,John
Entry Personal Name
001 - CONTROL NUMBER
- control field: 107427
003 - CONTROL NUMBER IDENTIFIER
- control field: NUST
005 - DATE AND TIME OF LATEST TRANSACTION
- control field: 20230123123614.0
008 - FIXED-LENGTH DATA ELEMENTS
- fixed length control field: 230123|| aca||aabn | a|a d
040 ## - CATALOGING SOURCE
- Original cataloging agency: NUST
- Transcribing agency: NUST
100 ## - HEADING--PERSONAL NAME
- Personal name: SteinBeck,John
670 ## - SOURCE DATA FOUND
- Source citation: Work cat.: (NUST)186397: SteinBeck,John, The Winter of our Discontent /
